| 000 | 00446 a2200169 4500 | ||
|---|---|---|---|
| 020 | _a9780878932863 | ||
| 082 | _a616.8047548 | ||
| 090 |
_c7467 _d7467 |
||
| 100 | _aHuettel, Scott A | ||
| 245 |
_aFunctional magnetic resonance imaging _cScott A.Huettel |
||
| 250 | _a2nd ed. | ||
| 260 |
_aUSA _bS A Sinauer _c2009 |
||
| 300 | _a542 p. | ||
| 650 | _aBrain--Magnetic resonance imaging | ||
| 700 | _aScott A.Huettel | ||
| 942 |
_cBK _k616.8047548 HUE |
||
| 999 |
_c11270 _d11270 |
||